Music Quiz

Random Music or Song Quiz

M-Flo Music Challenge Quiz Stats

 Plays Quiz not verified by Sporcle

Challenge
Share
Tweet
Score 0/19 Timer 15:00
0 Plays Today
Time Song % Correct
0:00 - 0:10Miss You
100%
0:55 - 1:11The Love Bug
100%
0:25 - 0:31I Wanna Be Down
83.3%
0:31 - 0:55Astrosexy
83.3%
2:02 - 2:18Tripod Baby
83.3%
3:10 - 3:35Summer Time Love
83.3%
1:27 - 1:43Come Again
66.7%
4:18 - 4:36Loop In My Heart
66.7%
4:36 - 5:08Distance
66.7%
0:10 - 0:20Cosmic Night Run
58.3%
Time Song % Correct
1:11 - 1:27Get On!
58.3%
1:43 - 2:02Life is Beautiful
58.3%
2:18 - 2:33A.D.D.P
50%
3:45 - 3:59How You Like Me Now
50%
0:20 - 0:25To Your Beat
41.7%
2:33 - 2:50Chronopsychology
41.7%
2:50 - 3:10Planet Shining
41.7%
3:35 - 3:45The Bandwagon
33.3%
3:59 - 4:18Quantum Leap
33.3%

You're not logged in!

Compare scores with friends on all Sporcle quizzes.
OR
Log In

You Might Also Like...

Show Comments

Extras

Created Feb 23, 2010ReportNominate
Tags:Song Quiz, challenge, featuring

Top Quizzes Today


Score Distribution

Your Account Isn't Verified!

In order to create a playlist on Sporcle, you need to verify the email address you used during registration. Go to your Sporcle Settings to finish the process.

Report this User

Report this user for behavior that violates our Community Guidelines.

Details: